| 000 | 01394cam a22003134a 4500 | ||
|---|---|---|---|
| 001 | 12183525 | ||
| 005 | 20041020114932.0 | ||
| 008 | 000925s2001 maua b 001 0 eng | ||
| 010 | _a00049380 | ||
| 020 | _a0750651687 | ||
| 040 |
_aDLC _cDLC _dDLC |
||
| 042 | _apcc | ||
| 050 | 0 | 0 |
_aTA169 _b.S64 2001 |
| 082 | 0 | 0 |
_a620.00452 _221 _bSMI |
| 100 | 1 |
_aSmith, David John, _d1943- _96865 |
|
| 245 | 1 | 0 |
_aReliability, Maintainability, and Risk : _bPractical Methods for Engineers / _cDavid J. Smith. |
| 250 | _a6th ed. | ||
| 260 |
_aBoston : _bButterworth-Heinemann, _cc2001. |
||
| 300 |
_axii, 335 p. : _bill. ; _c24 cm. |
||
| 504 | _aIncludes bibliographical references and index. | ||
| 650 | 0 |
_aReliability (Engineering) _96866 |
|
| 650 | 0 |
_aMaintainability (Engineering) _96867 |
|
| 650 | 0 |
_aEngineering design. _96868 |
|
| 856 | 4 | 2 |
_3Publisher description _uhttp://www.loc.gov/catdir/description/els031/00049380.html |
| 856 | 4 | 1 |
_3Table of contents _uhttp://www.loc.gov/catdir/toc/els031/00049380.html |
| 942 |
_2ddc _cBB |
||
| 999 |
_c12015 _d12015 |
||